Economics (Record no. 2512)

000 -LEADER
fixed length control field 00534nam a22001937a 4500
003 - CONTROL NUMBER IDENTIFIER
control field OSt
005 - DATE AND TIME OF LATEST TRANSACTION
control field 20160726131925.0
008 - FIXED-LENGTH DATA ELEMENTS--GENERAL INFORMATION
fixed length control field 160726b xxu||||| |||| 00| 0 eng d
020 ## - INTERNATIONAL STANDARD BOOK NUMBER
International Standard Book Number 9780733973252
050 ## - LIBRARY OF CONGRESS CALL NUMBER
Classification number HB131.M38 2007
100 ## - MAIN ENTRY--PERSONAL NAME
Personal name Mc Taggart, Douglas (1953)
245 ## - TITLE STATEMENT
Title Economics
Statement of responsibility, etc Douglas Mc Taggart, Christopher Findlay, Michael Parkin
250 ## - EDITION STATEMENT
Edition statement 5th ed.
260 ## - PUBLICATION, DISTRIBUTION, ETC. (IMPRINT)
Place of publication, distribution, etc China
Name of publisher, distributor, etc Pearson, Addison Wesley
Date of publication, distribution, etc 2007
300 ## - PHYSICAL DESCRIPTION
Extent xl, 811p.
Other physical details col. ill.
504 ## - BIBLIOGRAPHY, ETC. NOTE
Bibliography, etc Includes index.
650 ## - SUBJECT ADDED ENTRY--TOPICAL TERM
Topical term or geographic name as entry element Economics
942 ## - ADDED ENTRY ELEMENTS (KOHA)
Source of classification or shelving scheme
Koha item type Book
Holdings
Withdrawn status Lost status Source of classification or shelving scheme Damaged status Not for loan Home library Current library Shelving location Date acquired Total Checkouts Full call number Barcode Date last seen Date checked out Copy number Price effective from Koha item type
          Riara University Library Riara University Library General stack 26/07/2016 1 HB131.M38 2007 7124/16 27/09/2016 24/09/2016 C.1 26/07/2016 Book

Riara University Library,
P.O. Box 49940-00100,
Nairobi, Kenya.